Visión binocular: diagnóstico y tratamiento
Furkejuvvon:
| Váldodahkkit: | , , , , , |
|---|---|
| Materiálatiipa: | Girji |
| Giella: | espánnjágiella |
| Almmustuhtton: |
Ciudad de México
Alfaomega
2000
|
| Ráidu: | Alfaomega, 460
|
| Fáttát: | |
| Fáddágilkorat: |
Lasit fáddágilkoriid
Eai fáddágilkorat, Lasit vuosttaš fáddágilkora!
|
MARC
| LEADER | 00000nam a2200000 a 4500 | ||
|---|---|---|---|
| 001 | UCN1739 | ||
| 003 | CL-VaPUC | ||
| 008 | 010504e20000000MX |||||||||||||||||spa|d | ||
| 082 | 0 | 4 | |a 617.71 |b BOR |2 21 |
| 100 | |a Borràs García, M. Rosa |e author |9 457028 | ||
| 700 | 0 | |a Gispets Parcerisas, Joan |e author |9 457037 | |
| 700 | 0 | |a Ondategui Parra, Juan Carlos |e author |9 457038 | |
| 700 | 0 | |a Pacheco Cutillas, Mireia |e author |9 457039 | |
| 700 | 0 | |a Sánchez Herrero, Eulalia |e author |9 457040 | |
| 700 | 0 | |a Varón Puentes, Consuelo |e author |9 457041 | |
| 245 | 1 | 0 | |a Visión binocular: diagnóstico y tratamiento |
| 300 | |a 287 p | ||
| 942 | |c BK | ||
| 945 | |d 20010504 00:00:00 |a vberengu | ||
| 260 | |a Ciudad de México |b Alfaomega |c 2000 | ||
| 650 | 0 | |a Ambliopía |9 431655 | |
| 650 | 0 | |a Defectos visuales |9 341018 | |
| 650 | 7 | |a ESTRABISMOS |2 CL-VaPUC |9 444232 | |
| 650 | 0 | |a Visión |9 269056 | |
| 650 | 0 | |a Vista |9 265397 | |
| 583 | |a last modification |c 20010504 00:00:00 |k Rodrigo Vera | ||
| 490 | 0 | |a Alfaomega, 460 | |
| 999 | |c 294971 |d 294969 | ||
| 952 | |0 0 |1 0 |4 0 |6 617_710000000000000_BOR_2000 |7 0 |8 A |9 347745 |a BIBCUR |b BIBCUR |d 2019-11-20 |i 371912K |l 1 |o 617.71 BOR 2000 |p 371912K |r 2025-04-22 |s 2023-08-09 |w 2019-11-20 |y BK |k FIS | ||
| 952 | |0 0 |1 0 |4 0 |6 617_710000000000000_BOR_2000 |7 0 |8 A |9 347746 |a BIBCUR |b BIBCUR |d 2019-11-20 |i 3728714 |l 1 |o 617.71 BOR 2000 |p 3728714 |r 2025-04-22 |s 2023-09-20 |w 2019-11-20 |y BK |k TEM | ||
| 952 | |0 0 |1 0 |4 0 |6 617_710000000000000_BOR_2000 |7 0 |8 A |9 347747 |a BIBCUR |b BIBCUR |d 2019-11-20 |i 3802698 |l 1 |o 617.71 BOR 2000 |p 3802698 |r 2025-04-22 |s 2025-04-01 |w 2019-11-20 |y BK |k BCB | ||
| 952 | |0 0 |1 0 |4 0 |6 617_710000000000000_BOR_2000 |7 0 |8 A |9 347748 |a BIBCUR |b BIBCUR |d 2019-11-20 |i 3802701 |l 2 |o 617.71 BOR 2000 |p 3802701 |r 2025-04-22 |s 2025-04-07 |w 2019-11-20 |y BK |k BCB | ||